[Event "Quebec Montcalm op 7 2011-12"]
[Site "Quebec"]
[Date "2012.05.10"]
[Round "3"]
[White "Boulianne, Gabriel"]
[Black "Dumont, Eric"]
[Result "1/2-1/2"]
[WhiteElo "1789"]
[BlackElo "1715"]
[PlyCount "72"]
[EventDate "2012.04.26"]
[EventType "swiss"]
[EventRounds "5"]
[EventCountry "CAN"]
[SourceTitle "EXT 2022"]
[Source "ChessBase"]
[SourceDate "2021.10.06"]
[SourceVersion "1"]
[SourceVersionDate "2021.10.06"]
[SourceQuality "1"]

1. d4 Nf6 2. c4 g6 3. Nc3 Bg7 4. e4 0-0 5. e5 Ne8 6. f4 d6 7. Nf3 dxe5 8. fxe5 Nc6 9. h3 e6 10. Bf4 f6 11. exf6 Bxf6 12. Be3 Nd6 13. Qd2 Nf5 14. Ne2 Nxe3 15. Qxe3 e5 16. d5 Nb4 17. Qb3 c5 18. a3 e4 19. Nh2 Nd3+ 20. Kd2 Bg5+ 21. Kc2 Rf2 22. Kb1 Bf6 23. Ra2 Qa5 24. Nc3 Nxb2 25. Rxb2 Rxb2+ 26. Kxb2 Bd7 27. Kc2 h5 28. g4 Rf8 29. gxh5 Bd4 30. Ng4 gxh5 31. Nb5 Rf3 32. Qb1 Bxb5 33. Qxb5 Qc3+ 34. Kd1 Qa1+ 35. Ke2 Qa2+ 36. Kd1 Qa1+ 1/2-1/2

[Event "Quebec Montcalm op 2 2011-12"]
[Site "Quebec"]
[Date "2011.11.03"]
[Round "4"]
[White "Bergeron, Marc"]
[Black "Dumont, Eric"]
[Result "1-0"]
[WhiteElo "1949"]
[BlackElo "1856"]
[PlyCount "89"]
[EventDate "2011.10.13"]
[EventType "swiss"]
[EventRounds "5"]
[EventCountry "CAN"]
[SourceTitle "EXT 2022"]
[Source "ChessBase"]
[SourceDate "2021.10.06"]
[SourceVersion "1"]
[SourceVersionDate "2021.10.06"]
[SourceQuality "1"]

1. c4 e5 2. Nc3 Nc6 3. g3 f5 4. e3 Nf6 5. Bg2 Bb4 6. Nge2 0-0 7. 0-0 Bxc3 8. dxc3 d6 9. f4 Qe8 10. Qb3 Kh8 11. a4 Rb8 12. a5 Be6 13. Qa4 Qh5 14. Re1 Ne4 15. a6 Nc5 16. Qd1 e4 17. Nd4 Qxd1 18. Rxd1 Bxc4 19. axb7 Nxd4 20. cxd4 Nxb7 21. Rxa7 Bb3 22. Re1 Bd5 23. Bd2 Nd8 24. Bc3 Ne6 25. Bh3 g6 26. Rea1 Kg8 27. R1a5 Ra8 28. Rxa8 Bxa8 29. Bf1 d5 30. Bb5 c6 31. Be2 Rc8 32. Kf2 Bb7 33. Ra7 Ba8 34. Ke1 c5 35. dxc5 Bc6 36. b4 Rc7 37. Ra6 Kf7 38. Be5 Rc8 39. Ra7+ Kg8 40. Bd6 Ra8 41. Rxa8+ Bxa8 42. Ba6 d4 43. Bc4 Kf7 44. exd4 Bc6 45. d5 1-0

[Event "Quebec Montcalm op 7 2010-11"]
[Site "Quebec"]
[Date "2011.05.06"]
[Round "2"]
[White "Marquis, Paul"]
[Black "Dumont, Eric"]
[Result "1/2-1/2"]
[WhiteElo "1947"]
[BlackElo "1753"]
[PlyCount "75"]
[EventDate "2011.04.28"]
[EventType "swiss"]
[EventRounds "5"]
[EventCountry "CAN"]
[SourceTitle "EXT 2022"]
[Source "ChessBase"]
[SourceDate "2021.10.06"]
[SourceVersion "1"]
[SourceVersionDate "2021.10.06"]
[SourceQuality "1"]

1. d4 f5 2. c4 Nf6 3. Nc3 e6 4. g3 Be7 5. Bg2 c6 6. Nf3 d5 7. cxd5 exd5 8. 0-0 0-0 9. Rb1 Nbd7 10. b4 Ne4 11. Nxe4 fxe4 12. Ne5 Nxe5 13. dxe5 Be6 14. Be3 Qd7 15. Qd2 Bh3 16. Bxh3 Qxh3 17. Rfc1 Rf5 18. f4 Rh5 19. Bf2 Qxh2+ 20. Kf1 Qh1+ 21. Bg1 Rh2 22. Qe3 Qg2+ 23. Ke1 Rh1 24. Kd2 d4 25. Qb3+ Kh8 26. Bxd4 Rh2 27. Qe3 Rd8 28. Rg1 Rxd4+ 29. Kc3 Qh3 30. Kxd4 Bd8 31. Kc3 Bb6 32. Qd2 Qh5 33. Rbe1 h6 34. Rgf1 Qh3 35. Qd6 Qxg3+ 36. Kc2 Rh3 37. Qf8+ Kh7 38. Qf5+ 1/2-1/2